Recent trends in e-logistics management / (Record no. 169519)

MARC details
000 -LEADER
fixed length control field 00624nam a22001937a 4500
005 - DATE AND TIME OF LATEST TRANSACTION
control field 20191122114136.0
010 ## - LCCN (DPL NO)
LC control number ENG-126980
020 ## - INTERNATIONAL STANDARD BOOK NUMBER
International Standard Book Number 9789389146707
Terms of availability 400.00
035 ## - SYSTEM CONTROL NUMBER
System control number EN-110512
037 ## - SOURCE OF ACQUISITION
Source of stock number/acquisition DBAD/PUB
082 ## - DEWEY DECIMAL CLASSIFICATION NUMBER
Classification number 658.5
100 ## - MAIN ENTRY--PERSONAL NAME
Personal name Senthil, M.
245 ## - TITLE STATEMENT
Title Recent trends in e-logistics management /
Statement of responsibility, etc by M.Sethil
260 ## - PUBLICATION, DISTRIBUTION, ETC. (IMPRINT)
Place of publication, distribution, etc Tamil Nadu
Name of publisher, distributor, etc Shanlax Publications
Date of publication, distribution, etc 2019
270 ## - ADDRESS
Address 61, 66 T.P.K. Main Road
City Vasanta Nagar, Madurai
Postal code 625003
Telephone number 0452-4208765
Electronic mail address publisher@shanlaxpublication.com
300 ## - PHYSICAL DESCRIPTION
Extent 181p.
Dimensions 24cm(pbk)
500 ## - GENERAL NOTE
General note Includes references
942 ## - ADDED ENTRY ELEMENTS (KOHA)
Source of classification or shelving scheme Dewey Decimal Classification
Item type English Books
Classification part 658.5
Call number suffix SEN
Holdings
Withdrawn status Lost status Not for loan Collection code Home library Current library Date acquired Source of acquisition Cost, normal purchase price Full call number Barcode Copy number Cost, replacement price Koha item type
      Non-fiction Sarojini Nagar Sarojini Nagar 22/11/2019 DBAD/PUB 400.00 658.5 SEN EN-110512 1 400.00 English Books

© Delhi Public Library
Hit Counter
free hit counter